00541nam a2200193Ia 4500003000400000005001700004008004100021020002200062040000700084041000800091082002100099100003500120245010700155250000600262260003000268300001500298365001500313650001900328OSt20230503140557.0210423s2011 xx 000 0 und d a978-08-15344-30-8 cAL aeng a536.7 223bDILM aDILL (Ken A);BROMBERG (Sarina) aMolecular driving forces: statistical thermodynamics in biology chemistry physics and nanoscience Ed 2 a2 aNew YorkbCRC Pressc2011 axx,756bPB b12492cGBP aThermodynamics